| 000 | 00587nam a22001817a 4500 | ||
|---|---|---|---|
| 999 |
_c190691 _d190691 |
||
| 005 | 20220803100303.0 | ||
| 010 | _aENG-134179 | ||
| 020 |
_a9789385144189 _c650.00 |
||
| 035 | _aEN-117711 | ||
| 037 | _bDBAD/PUB | ||
| 082 | _a320.01 | ||
| 100 | _aKumar, Manjesh | ||
| 245 |
_aStatecraft in Ancient India: _bTheory And Practice/ _cManjesh Kumar |
||
| 260 |
_aNew Delhi _bShivalik Prakashan _c2015 |
||
| 270 |
_a27/16, Shakti Nagar _bNew Delhi _e110007 _k011-2454680, 42351161 _mshivalikprakashan@gmail.com |
||
| 300 |
_a216p. _c22cm(hb) |
||
| 942 |
_2ddc _cEN _h320.01 _mMAN |
||